01848nam a22003857a 450000500170000000800410001702000280005802000270008602000270011302000280014002000270016802000180019502000190021304000550023204100080028724501000029524600500039525000120044526000460045730000430050350000580054650000460060450504100065065000330106065000510109365000440114465000340118865000320122265000330125470000440128770000370133170000390136870000360140771000190144320200915123400.0140331s2020 ck d frf 001 0 spa d a9789587679670 (10a.Ed.) a9789587675801 (7a.Ed.) a9789587673548 (6a.Ed.) a 9789587671995 (5a.Ed.) a9789587671032 (4a.Ed.) a9789587670264 a9789586539586  aCO-BoUCMbspacDeissy Garcia (modificó)d[Nuevo]00aspa00aManual práctico de IVA y facturacióncActualizado por Carlos Giovanny Rodríguez Vásquez14aManual práctico de IVA y facturación 2020 a10a.Ed. aBogotá (Colombia)bLegis Editoresc2020 axxxvi, 320 páginasbcuadros y tablas aActualizado con la reforma tributaria (L. 1607/2012) aIncluye índice alfabético-informativo tDeclarantes bimestrales, cuatrimestrales y anuales del impuesto a la ventas. --tNovedades en el proceso de solicitud de devolución y compensación en IVA de saldos a favor. --tDeterminación del nuevo impuesto nacional al consumo, base gravable, tarifas y responsables, entre otros. --tNuevo listado de bienes y servicios excluidos o exentos del IVA. --tTarifas y ejemplos prácticos actualizados 7aDerecho tributariozColombia 7aImpuesto al valor agregadozColombiavManuales 7aImpuesto del timbrezColombiavManuales 7aImpuestoszColombiavManuales 7aPolítica fiscalzColombia 7aReforma tributariazColombia1 aRodríguez Vásquez, Carlos Giovanny 1 aAlvear Aragón, Natacha Mariú1 aGonzález Muñoz, Claudia Janeth1 aMontes Chaker, Adriana Cristina2 aLegis Editores